Pięć państw z największą liczbą chrześcijan według kontynentu - Statystyki

Ogólne statystyki
  • Ten quiz został rozwiązany 8 879 razy
    8 593 od ostatniego zresetowania
  • Średni wynik to 25 z 30
Statystyki odpowiedzi
Kontynent # Państwo % Poprawnych
Europa 36 mln Polska
99%
Europa 46 mln Niemcy
96%
Ameryka Północna 241 mln Stany Zjednoczone
96%
Ameryka Południowa 191 mln Brazylia
95%
Europa 40 mln Francja
95%
Ameryka Północna 21 mln Kanada
95%
Ameryka Północna 116 mln Meksyk
95%
Azja 21 mln Rosja
95%
Europa 69 mln Rosja
95%
Ameryka Południowa 35 mln Argentyna
93%
Oceania 12 mln Australia
93%
Europa 49 mln Włochy
93%
Oceania 1,9 mln Nowa Zelandia
90%
Azja 43 mln Chiny
89%
Afryka 55 mln Republika Południowej Afryki
89%
Ameryka Południowa 49 mln Kolumbia
86%
Azja 33 mln Indie
84%
Ameryka Południowa 32 mln Peru
84%
Afryka 107 mln Nigeria
81%
Ameryka Południowa 25 mln Wenezuela
81%
Afryka 101 mln Demokratyczna Republika Konga
76%
Azja 30 mln Indonezja
71%
Oceania 10 mln Papua-Nowa Gwinea
71%
Afryka 99 mln Etiopia
66%
Azja 99 mln Filipiny
64%
Afryka 48 mln Kenia
61%
Ameryka Północna 9,5 m Dominikana
60%
Oceania 0,60 mln Fidżi
59%
Ameryka Północna 16 mln Gwatemala
58%
Oceania 0,80 mln Wyspy Salomona
47%
Nie znaleziono quizów pasujących do podanych kryteriów
Rozkład punktacji
Procent ludzi z każdym wynikiem
Percentyl według liczby udzielonych odpowiedzi
Twoja historia wyników
Nie rozwiązałeś tego quizu od ostatniego zresetowania